000 00910cam a2200301 i 4500
001 200467098
003 TR-AnTOB
005 20260116153421.0
007 ta
008 140527b tu 000 0 tur dur u
040 _aTR-AnTOB
_beng
_erda
_cTR-AnTOB
041 0 _atur
044 _ctu
050 1 4 _aTK146
_b.Y83
090 _aTK146
_b.Y83
100 _aYücel, M. Ergün
_eauthor
_99790
245 1 0 _aEndüstriyel tesislerde elektrik kuvvet ve kontrol sistemi /
_cM. Ergün Yücel.
264 3 _aAnkara :
_bAltıncıoğlu Matbaası,
_c[date of publication not identified].
300 _a593 pages:
_bgraphics, tables;
_c24 cm.
336 _ametin
_btxt
_2rdacontent
337 _aaracısız
_bn
_2rdamedia
338 _acilt
_bnc
_2rdacarrier
504 _aBIB
650 7 _aElektrik
_2etuturkob
_99680
650 7 _aElektrik mühendisliği
_99682
942 _2lcc
_cBK
999 _c200467098
_d85310